Spanish vocab week 17 - Statistics

General Stats
  • This quiz has been taken 13 times
  • The average score is 14 of 70
Answer Stats
Hint Answer % Correct
adventure la aventura
100%
sound el sonido
75%
talented/gifted talentoso
75%
to appear/show up aparecer
50%
to design diseñar
50%
design el diseño
50%
effort el esfuerzo
50%
to interview entrevistar
50%
height la altura
50%
foundation la fundación
50%
to be proud of orgulloso de
50%
to reach alcanzar
25%
old fashioned anticuado
25%
to make aware/raise awareness concienciar
25%
to become aware/sensitive to concienciarse
25%
to tell a story contar una historia
25%
to fulfill a dream cumplir un sueño
25%
to set an example dar ejemplo
25%
accessory el accesorio
25%
advert el anuncio publicitario
25%
radical change el cambio radical
25%
designer el diseñador
25%
exemplary el ejemplar
25%
main character el protogonista
25%
keyboard el teclado
25%
skinny flaco
25%
gratifying gratificante
25%
chapter/episode la capítulo
25%
fatness la gordura
25%
big screen la gran pantalla
25%
perserverance la perserverencia
25%
curves las curvas
25%
series la serie
25%
soap la telenovela
25%
to contribute a bit poner un granito de arena
25%
for charity por caridad
25%
to promote promocionar
25%
to raise funds recaudar fondos
25%
to make aware/raise awareness sensibilizar
25%
to be successful tener éxito
25%
to triumph/win/succeed triunfar
25%
to make a new version of versionar
25%
to lose weight adelgazar
0%
to catch the eye atraer la atención
0%
to achieve success conseguir éxito
0%
to congratulate dar la enhorabuena
0%
to dismiss/rule out descartar
0%
to model desfilar
0%
prominent/renowned destacado
0%
physical appearance el aspecto físico
0%
filmmaker el cineasta
0%
compatriot/fellow citizen el compatriota
0%
a fashion show el desfile de moda
0%
own style el estilo propio
0%
award el galardón
0%
trending topic el tema tendencia
0%
to gain weight engordar
0%
to enslave/make dependent esclavizar
0%
skin & bone esquelético
0%
to release/premiere estrenar
0%
to win an award/prize ganar un premio
0%
to play a role (on screen) interpretar un papel
0%
appearance la apariencia
0%
thinness la delgadez
0%
misfortune la desventura
0%
film industry la industria cinematográfica
0%
humanitarian work la labor humanitaria
0%
to propel to stardom lanzar al estrellato
0%
linked ligado
0%
to highlight/stand out resaltar
0%
No matching quizzes found
Score Distribution
Percent of People with Each Score
Percentile by Number Answered
Your Score History
You have not taken this quiz